000 00413nam a22001697a 4500
999 _c7828
_d7826
005 20210904141907.0
008 210823b ||||| |||| 00| 0 eng d
020 _a9781847662415
041 _aeng
082 _a344.206
100 _aMcCRACKEN, SHEELAGH
_96556
245 _aTHE BANKERS REMEDY OF SET- OFF
260 _aW.S.
_bBLOOMSBURY PRO.LTD.
_c2010
300 _a340;p
650 _aLAW
_95701
942 _cBK